[Event "Druga liga CS Istok 2016"]
[Site "Kragujevac"]
[Date "2016.10.09"]
[Round "11.2"]
[White "PAVLOVIC, Goran"]
[Black "JOVIC, Stanoje"]
[Result "1-0"]
[WhiteElo "2359"]
[BlackElo "2310"]
[PlyCount "55"]
[EventDate "2016.08.26"]

1. d4 Nf6 2. Nf3 e6 3. c4 b6 4. Nc3 Bb7 5. Bg5 Be7 6. e3 O-O 7. Bd3 d5 8. Bxf6
Bxf6 9. cxd5 exd5 10. b4 g6 11. Qb3 a5 12. b5 c5 13. bxc6 Bxc6 14. Rb1 Nd7 15.
Bb5 a4 16. Nxa4 Bxb5 17. Qxb5 Ra5 18. Qb3 Qc8 19. O-O Qa6 20. Nc3 Qa8 21. a4
Rc8 22. Rfc1 Kg7 23. g3 h5 24. h4 Rc6 25. Nb5 Rc4 26. Nc3 Rc6 27. Kg2 Qc8 28.
Ne2 1-0

[Event "Druga liga CS Istok 2016"]
[Site "Kragujevac"]
[Date "2016.10.09"]
[Round "11.2"]
[White "MARKOVIC, Marko"]
[Black "DINEV, Dejan"]
[Result "0-1"]
[WhiteElo "2226"]
[BlackElo "2292"]
[PlyCount "98"]
[EventDate "2016.08.26"]

1. e4 c5 2. b3 e5 3. Bb2 d6 4. g3 Nf6 5. Bg2 Be7 6. Ne2 Nc6 7. O-O h5 8. h3 g5
9. Nbc3 Bd7 10. Nd5 Qc8 11. Kh2 h4 12. Nxf6+ Bxf6 13. g4 Qd8 14. a3 O-O 15. c3
Qb6 16. Rb1 Be6 17. c4 Bg7 18. Nc3 Nd4 19. Nd5 Bxd5 20. Bxd4 exd4 21. cxd5 Be5+
22. Kg1 Bf4 23. d3 Qa6 24. a4 Qa5 25. b4 cxb4 26. Qb3 Qc5 27. Qxb4 b6 28. Qxc5
bxc5 29. Rb7 Rfc8 30. Rfb1 c4 31. dxc4 Rxc4 32. R7b4 Rxb4 33. Rxb4 d3 34. Rd4
d2 35. Bf3 Rc8 36. Kg2 f6 37. Bd1 Rc1 38. Be2 a5 39. Rd3 Re1 40. Bf3 Ra1 41.
Rd4 Kf7 42. Be2 Ke7 43. Kf3 Kd8 44. Kg2 Re1 45. Kf3 Rh1 46. Kg2 Rh2+ 47. Kg1
Rxh3 48. Kg2 Ra3 49. f3 Be3 0-1

[Event "Druga liga CS Istok 2016"]
[Site "Kragujevac"]
[Date "2016.10.09"]
[Round "11.2"]
[White "DJOKIC, Nebojsa"]
[Black "RAICEVIC, Ivica"]
[Result "1-0"]
[WhiteElo "2231"]
[BlackElo "2187"]
[PlyCount "95"]
[EventDate "2016.08.26"]

1. e4 e6 2. d4 d5 3. Nc3 Bb4 4. e5 c5 5. a3 Bxc3+ 6. bxc3 Nc6 7. Qg4 g6 8. Nf3
Qa5 9. Bd2 Qa4 10. Be2 Qxc2 11. dxc5 Qe4 12. Qxe4 dxe4 13. Ng5 f5 14. exf6 Nxf6
15. Bc4 Ke7 16. f3 Ne5 17. Be2 Nd3+ 18. Bxd3 exd3 19. O-O-O h6 20. Nh3 e5 21.
Rhe1 Bxh3 22. Rxe5+ Kf7 23. gxh3 Rae8 24. Rde1 Rxe5 25. Rxe5 Nd7 26. Rd5 Ke7
27. c4 Rf8 28. c6 bxc6 29. Bb4+ c5 30. Rxc5 Rf7 31. Rd5+ Ke6 32. Rd6+ Kf5 33.
Rxd3 Ne5 34. Rd5 Ke6 35. Rd6+ Kf5 36. c5 Rc7 37. a4 a5 38. Bc3 Rxc5 39. Kc2
Nxf3 40. Rf6+ Ke4 41. Rxg6 Nd4+ 42. Kb2 Ne2 43. Re6+ Kd3 44. Rd6+ Ke4 45. Bd2
Nd4 46. Bc3 Ne2 47. Bf6 Rc4 48. Ka3 1-0

[Event "Druga liga CS Istok 2016"]
[Site "Kragujevac"]
[Date "2016.10.09"]
[Round "11.2"]
[White "RADIVOJEVIC, Tomislav"]
[Black "DJUKIC, Slobodan D"]
[Result "1/2-1/2"]
[WhiteElo "2171"]
[BlackElo "2151"]
[PlyCount "34"]
[EventDate "2016.08.26"]

1. d4 Nf6 2. Nc3 g6 3. Bf4 Bg7 4. e3 O-O 5. Bd3 d6 6. h4 Nh5 7. Nf3 Bg4 8. Qd2
Bxf3 9. gxf3 e5 10. dxe5 dxe5 11. Bh2 c6 12. O-O-O Qa5 13. Bc4 Na6 14. Ne4 Qc7
15. Qd6 Qa5 16. Qd2 Qc7 17. Qd6 Qa5 1/2-1/2

[Event "Druga liga CS Istok 2016"]
[Site "Kragujevac"]
[Date "2016.10.09"]
[Round "11.2"]
[White "PETROVIC, Tamara   **"]
[Black "ARSIC, Djordje  **"]
[Result "0-1"]
[WhiteElo "1912"]
[BlackElo "2206"]
[PlyCount "68"]
[EventDate "2016.08.26"]

1. e4 e5 2. Nf3 Nc6 3. Bb5 a6 4. Ba4 Nf6 5. O-O Be7 6. Re1 b5 7. Bb3 d6 8. c3
O-O 9. h3 Na5 10. Bc2 c5 11. d4 Qc7 12. Nbd2 Bd7 13. Nf1 exd4 14. cxd4 Rac8 15.
Bd3 Nc6 16. Be3 cxd4 17. Nxd4 Ne5 18. Bc2 Nc4 19. Bc1 d5 20. exd5 Bb4 21. Re2
Nxd5 22. Re4 Nf6 23. Rh4 h6 24. Ng3 Rfe8 25. Nge2 Bc6 26. a3 Bf8 27. b3 Ne5 28.
Bf5 Rcd8 29. Qc2 g5 30. Bxg5 hxg5 31. Bh7+ Kg7 32. Nf5+ Kh8 33. Nfd4 gxh4 34.
Qf5 Bg7 0-1

[Event "Druga liga CS Istok 2016"]
[Site "Kragujevac"]
[Date "2016.10.09"]
[Round "11.2"]
[White "DJORDJEVIC, Danilo   **"]
[Black "PETROVIC, Tijana   **"]
[Result "1-0"]
[WhiteElo "2139"]
[BlackElo "1811"]
[PlyCount "103"]
[EventDate "2016.08.26"]

1. e4 c5 2. c3 d5 3. exd5 Qxd5 4. d4 cxd4 5. cxd4 Nc6 6. Nf3 Bg4 7. Be2 e6 8.
O-O Nf6 9. h3 Bh5 10. Nc3 Qd8 11. Bg5 Be7 12. Be3 O-O 13. Qb3 Na5 14. Qa4 Nd5
15. Nxd5 Qxd5 16. Rac1 Nc6 17. a3 a6 18. b4 Rfd8 19. Rfd1 b5 20. Qc2 Rac8 21.
Qb2 Bd6 22. g4 Bg6 23. Ng5 Bb8 24. Bf3 Qd6 25. Bg2 h6 26. Nf3 Be4 27. Kf1 Ne7
28. Rxc8 Rxc8 29. Rc1 Rc4 30. Ne5 Rxc1+ 31. Qxc1 Bxg2+ 32. Kxg2 f6 33. Nf3 Qc6
34. Qxc6 Nxc6 35. Nd2 Ba7 36. Nb3 Kf7 37. Kf3 Ke7 38. Ke4 Kd7 39. d5 exd5+ 40.
Kxd5 Ne7+ 41. Ke4 Bxe3 42. fxe3 Kc6 43. Nc5 Kb6 44. h4 a5 45. Nd3 axb4 46. axb4
Kc6 47. Nf4 Kd6 48. Nh5 Ng6 49. Nxg7 Nxh4 50. Nf5+ Nxf5 51. Kxf5 Kd5 52. Kxf6
1-0

[Event "Druga liga CS Istok 2016"]
[Site "Kragujevac"]
[Date "2016.10.09"]
[Round "11.3"]
[White "DINIC, Dragan"]
[Black "BULATOVIC, Nikola   *"]
[Result "1-0"]
[WhiteElo "2309"]
[BlackElo "2101"]
[PlyCount "71"]
[EventDate "2016.08.26"]

1. e4 c5 2. Nf3 a6 3. Bc4 e6 4. O-O b5 5. Be2 Bb7 6. d3 Ne7 7. Nbd2 g6 8. Re1
Bg7 9. Bf1 e5 10. g3 O-O 11. Bg2 d6 12. a4 Nbc6 13. c3 Kh8 14. Nf1 d5 15. exd5
Qxd5 16. axb5 axb5 17. Rxa8 Rxa8 18. Ng5 Qa2 19. Ne4 Nd8 20. Nxc5 Bxg2 21. Kxg2
Rc8 22. Ne4 f5 23. Ng5 h6 24. Nf3 Nf7 25. Qe2 b4 26. c4 Nc6 27. Qe3 Qa8 28. Kg1
Rd8 29. h4 Nd4 30. Nxd4 Rxd4 31. Qe2 Qd8 32. h5 Rxd3 33. hxg6 Ng5 34. Bxg5 hxg5
35. Qh5+ Kg8 36. Re3 1-0

[Event "Druga liga CS Istok 2016"]
[Site "Kragujevac"]
[Date "2016.10.09"]
[Round "11.3"]
[White "DIMITRIJEVIC, Zoran"]
[Black "PANIC, Milan"]
[Result "0-1"]
[WhiteElo "2113"]
[BlackElo "2288"]
[PlyCount "110"]
[EventDate "2016.08.26"]

1. d4 Nf6 2. Nf3 g6 3. g3 Bg7 4. Bg2 O-O 5. O-O d6 6. c4 c6 7. Nc3 Bf5 8. Re1
Ne4 9. Nxe4 Bxe4 10. Nh4 Bxg2 11. Nxg2 Qb6 12. e3 Nd7 13. b3 a5 14. Rb1 a4 15.
Qc2 axb3 16. axb3 e5 17. dxe5 dxe5 18. Rd1 Nc5 19. e4 Ne6 20. Be3 Nd4 21. Bxd4
exd4 22. c5 Qb4 23. f4 Ra5 24. Rbc1 Re8 25. e5 Bf8 26. Qd3 Rxc5 27. Rc4 Rxc4
28. bxc4 Ra8 29. Rb1 Qc3 30. Ne1 Ra2 31. Qxc3 dxc3 32. Rc1 Bc5+ 33. Kh1 Ba3 34.
Rxc3 Ra1 35. Kg2 Bb4 36. Rb3 Bxe1 37. Rxb7 c5 38. e6 fxe6 39. Re7 Rc1 40. Rxe6
Bc3 41. h4 Bd4 42. h5 gxh5 43. Rh6 Rxc4 44. Rxh5 Ra4 45. Rd5 Ra7 46. Kf3 Rc7
47. g4 Bg7 48. Ke2 c4 49. Kd1 c3 50. Kc2 Rc4 51. Rd8+ Kf7 52. Rd7+ Kf8 53. Rd8+
Ke7 54. Rd5 Rxf4 55. Rh5 Rf2+ 0-1

[Event "Druga liga CS Istok 2016"]
[Site "Kragujevac"]
[Date "2016.10.09"]
[Round "11.3"]
[White "PAVLOVIC, Dean"]
[Black "BANJOVIC, Sasa"]
[Result "1-0"]
[WhiteElo "2263"]
[BlackElo "2180"]
[PlyCount "73"]
[EventDate "2016.08.26"]

1. c4 f5 2. d4 e6 3. g3 Nf6 4. Bg2 Be7 5. Nc3 d6 6. Nf3 O-O 7. O-O Ne4 8. Qb3
Nxc3 9. Qxc3 a5 10. b3 Bf6 11. Bb2 Nc6 12. Rad1 Qe8 13. e3 e5 14. a3 g5 15. Qc1
g4 16. Ne1 e4 17. Nc2 Qh5 18. b4 axb4 19. axb4 Bg7 20. b5 Rf6 21. bxc6 Rh6 22.
Rfe1 Qxh2+ 23. Kf1 bxc6 24. Nb4 Ra4 25. Bc3 d5 26. Qb2 Rxb4 27. Bxb4 Ba6 28.
Rc1 Qh5 29. Bc5 Re6 30. Qa2 Bxc4+ 31. Rxc4 dxc4 32. Qxc4 Qe8 33. Rb1 Bf8 34.
Kg1 Bxc5 35. Qxc5 Rf6 36. Bf1 Kg7 37. Rb7 1-0

[Event "Druga liga CS Istok 2016"]
[Site "Kragujevac"]
[Date "2016.10.09"]
[Round "11.3"]
[White "VUKASINOVIC, Sasa"]
[Black "DODIC, Dragan"]
[Result "0-1"]
[WhiteElo "2051"]
[BlackElo "2042"]
[PlyCount "108"]
[EventDate "2016.08.26"]

1. e4 c6 2. d4 d5 3. f3 e6 4. Be3 Nd7 5. Bd3 b5 6. Ne2 g6 7. O-O Bg7 8. Qd2 Bb7
9. exd5 exd5 10. Re1 Ngf6 11. Ng3 O-O 12. Bh6 Re8 13. Rxe8+ Nxe8 14. Bxg7 Nxg7
15. Nc3 Qf6 16. Nce2 Ne6 17. c3 Nb6 18. b3 b4 19. f4 bxc3 20. Qxc3 Nxf4 21. Rf1
Nxe2+ 22. Bxe2 Qd6 23. Qe3 Qf8 24. Qg5 Qg7 25. Qe7 f5 26. Qe6+ Qf7 27. Qd6 Re8
28. Qf4 Qe7 29. Rf3 Bc8 30. h4 Bd7 31. Bd3 Nc8 32. Qh6 Nd6 33. Ne2 Nf7 34. Qf4
Qd6 35. Re3 Rxe3 36. Qxe3 Kg7 37. Kf2 h6 38. Qf4 Qxf4+ 39. Nxf4 g5 40. hxg5
hxg5 41. Ne2 Kf6 42. Nc3 Nd8 43. g3 Ne6 44. Ne2 Be8 45. g4 f4 46. Bf5 Nf8 47.
Nc1 Bd7 48. Bxd7 Nxd7 49. Nd3 Ke6 50. a3 Nf6 51. Nc5+ Kd6 52. Kf3 Nd7 53. Nd3
c5 54. dxc5+ Nxc5 0-1

[Event "Druga liga CS Istok 2016"]
[Site "Kragujevac"]
[Date "2016.10.09"]
[Round "11.3"]
[White "PETROVIC, Petar R   **"]
[Black "DJORDJEVIC, Miroslav"]
[Result "1/2-1/2"]
[WhiteElo "1958"]
[BlackElo "1963"]
[PlyCount "114"]
[EventDate "2016.08.26"]

1. e4 c6 2. d4 d5 3. Nc3 dxe4 4. Nxe4 Bf5 5. Ng3 Bg6 6. Nf3 Nf6 7. h4 h6 8. Bc4
e6 9. Ne5 Bh7 10. Qe2 Nd5 11. Bb3 Nd7 12. Bd2 Nxe5 13. dxe5 a5 14. a4 Qb6 15.
O-O-O Bb4 16. Rhf1 Bxd2+ 17. Rxd2 Qb4 18. Qc4 Qxc4 19. Bxc4 Bg6 20. h5 Bh7 21.
Bxd5 cxd5 22. Ne2 Rc8 23. Nd4 Ke7 24. b3 Rc5 25. f4 Be4 26. Nb5 Rhc8 27. Rff2
f5 28. Kb2 g6 29. Nd6 Rb8 30. hxg6 Kf8 31. g3 Kg7 32. Rh2 Kxg6 33. Nb5 Rbc8 34.
Nd4 Re8 35. Rh4 Rc7 36. Rdh2 Rh7 37. g4 fxg4 38. Rxg4+ Kf7 39. Nb5 Rg8 40. Nd6+
Kf8 41. Rgh4 Rgh8 42. R4h3 h5 43. Rc3 h4 44. Nxe4 dxe4 45. Re3 h3 46. Kc3 Rh4
47. Rxe4 Kg7 48. Kd3 Kg6 49. Ke3 Kf5 50. Kf3 Rc8 51. Rd4 Rc3+ 52. Rd3 Rxf4+ 53.
Ke3 Rxd3+ 54. cxd3 Rb4 55. Rxh3 Kxe5 56. Rh5+ Kd6 57. Rxa5 Rxb3 1/2-1/2

[Event "Druga liga CS Istok 2016"]
[Site "Kragujevac"]
[Date "2016.10.09"]
[Round "11.3"]
[White "MILIC, Slobodan"]
[Black "VELIKIC, Vule"]
[Result "1-0"]
[WhiteElo "1924"]
[BlackElo "1789"]
[PlyCount "101"]
[EventDate "2016.08.26"]

1. d4 Nf6 2. Bg5 h6 3. Bxf6 exf6 4. e3 Be7 5. c4 d5 6. Nc3 dxc4 7. Bxc4 c6 8.
h4 Nd7 9. h5 Nb6 10. Bd3 Nd5 11. Nge2 Bb4 12. a3 Ba5 13. b4 Bc7 14. Qb3 O-O 15.
Bb1 f5 16. Qc2 Nxc3 17. Qxc3 Qe7 18. g3 Re8 19. Kd2 Be6 20. Ba2 Rac8 21. Bb3
Qd8 22. Nf4 a5 23. Bxe6 fxe6 24. Qb3 Qf6 25. Ke2 b5 26. Ng6 a4 27. Qa2 Kh7 28.
f4 Qd8 29. Rac1 Bb6 30. Rhd1 Rc7 31. Rc3 Qa8 32. Kf2 Qd8 33. Kg2 Qd6 34. Rdc1
Rec8 35. Ne5 Ba7 36. R1c2 Bb8 37. Kh2 Ba7 38. Qa1 Qd5 39. Qh1 Qxh1+ 40. Kxh1 c5
41. dxc5 Rd8 42. Rd3 Rxd3 43. Nxd3 Rd7 44. Rc3 Bb8 45. Kg2 g6 46. hxg6+ Kxg6
47. c6 Re7 48. Rc5 Bd6 49. Rxb5 Rc7 50. Rb6 Kf7 51. b5 1-0

[Event "Druga liga CS Istok 2016"]
[Site "Kragujevac"]
[Date "2016.10.09"]
[Round "11.3"]
[White "MILUTINOVIC, Bojan"]
[Black "VESELINOV, Ivica"]
[Result "0-1"]
[WhiteElo "1779"]
[BlackElo "1940"]
[PlyCount "90"]
[EventDate "2016.08.26"]

1. e4 d5 2. exd5 Qxd5 3. Nc3 Qa5 4. d4 c6 5. Nf3 Bf5 6. Bc4 Nf6 7. Bd2 Qc7 8.
O-O e6 9. Re1 Nbd7 10. d5 Nb6 11. dxe6 Nxc4 12. exf7+ Kxf7 13. Ng5+ Kg8 14. Qe2
Nxd2 15. Rad1 h6 16. Ne6 Bxe6 17. Qxe6+ Qf7 18. Rxd2 Qxe6 19. Rxe6 Bb4 20. Rde2
Bxc3 21. bxc3 Kh7 22. Kf1 Rhe8 23. Re7 Rab8 24. c4 Kg8 25. c3 Kf8 26. Rc7 Rxe2
27. Kxe2 Re8+ 28. Kd3 Re7 29. Rc8+ Kf7 30. Ra8 a6 31. Rb8 Nd7 32. Rd8 Nc5+ 33.
Kd2 Rd7+ 34. Rxd7+ Nxd7 35. Ke3 Ke6 36. f4 c5 37. g4 h5 38. h3 hxg4 39. hxg4
Nb6 40. Kd3 Na4 41. a3 Nb2+ 42. Ke3 Nd1+ 43. Kd2 Nf2 44. g5 Kf5 45. Ke3 Nh3 0-1

[Event "Druga liga CS Istok 2016"]
[Site "Kragujevac"]
[Date "2016.10.09"]
[Round "11.3"]
[White "IVANOVIC, Veljko   **"]
[Black "JANKOVIC, Milan   **"]
[Result "1-0"]
[WhiteElo "1910"]
[BlackElo "1668"]
[PlyCount "71"]
[EventDate "2016.08.26"]

1. d4 d5 2. c4 Nf6 3. cxd5 Qxd5 4. Nc3 Qa5 5. Bd2 c6 6. e4 e6 7. Nf3 Nbd7 8.
Bc4 Be7 9. Qb3 Qb6 10. Qc2 O-O 11. O-O c5 12. d5 e5 13. Bg5 h6 14. Bh4 a6 15.
Nd1 Qd6 16. Ne3 g6 17. a4 b6 18. Be2 Rb8 19. Nc4 Qc7 20. Rfd1 Bd6 21. h3 b5 22.
axb5 axb5 23. Na5 c4 24. Nc6 Rb6 25. Ra7 Rb7 26. Ra8 Nb6 27. Rxc8 Nxc8 28. Bxf6
Ne7 29. Nfxe5 Nxc6 30. Nxc6 Re8 31. Bf3 Bf8 32. e5 Bg7 33. d6 Qd7 34. Ne7+ Kh8
35. Bxg7+ Kxg7 36. Bc6 1-0

[Event "Druga liga CS Istok 2016"]
[Site "Kragujevac"]
[Date "2016.10.09"]
[Round "11.5"]
[White "DRASKO, Milan"]
[Black "POPCHEV, Milko"]
[Result "1/2-1/2"]
[WhiteElo "2453"]
[BlackElo "2283"]
[PlyCount "114"]
[EventDate "2016.08.26"]

1. Nf3 f5 2. g3 Nf6 3. Bg2 e6 4. O-O d5 5. d3 Be7 6. Nc3 O-O 7. e4 c6 8. exf5
exf5 9. Ne2 Na6 10. Nf4 Nc7 11. Re1 Bd6 12. c3 Re8 13. d4 Rxe1+ 14. Qxe1 Qe7
15. Qxe7 Bxe7 16. Nd3 Ne4 17. Nfe5 Ne8 18. f3 N4f6 19. a4 a5 20. b3 Nd7 21. Ba3
Bxa3 22. Rxa3 Nxe5 23. Nxe5 Nd6 24. Kf2 Kf8 25. Bf1 Ke7 26. c4 Be6 27. c5 Nf7
28. Nd3 Nd8 29. Ke3 Bd7 30. Ra2 Ne6 31. Rb2 Re8 32. f4 Kd8 33. Ne5 Kc7 34. b4
axb4 35. Rxb4 Nf8 36. Bd3 Be6 37. a5 Nd7 38. Ra4 Nxe5 39. dxe5 Ra8 40. Kd4 g6
41. Ra1 Ra7 42. h3 Ra8 43. Be2 h5 44. Ra3 Kd7 45. Ra1 Kc7 46. Bd3 Kd7 47. Be2
Ke7 48. Ra3 Kd7 49. Ra4 Kc7 50. Ra3 Kd7 51. a6 bxa6 52. Rxa6 Rxa6 53. Bxa6 Ke7
54. Bd3 Kf7 55. Bb1 Ke7 56. Bc2 Kd7 57. Ke3 Ke7 1/2-1/2

[Event "Druga liga CS Istok 2016"]
[Site "Kragujevac"]
[Date "2016.10.09"]
[Round "11.5"]
[White "RISTIC, Nebojsa B"]
[Black "DMITROVIC, Tomislav"]
[Result "1/2-1/2"]
[WhiteElo "2315"]
[BlackElo "2258"]
[PlyCount "82"]
[EventDate "2016.08.26"]

1. d4 e6 2. Nf3 f5 3. g3 Nf6 4. Bg2 d5 5. O-O Bd6 6. b3 Qe7 7. c4 c6 8. a4 a5
9. Ba3 Bxa3 10. Nxa3 Nbd7 11. Nc2 O-O 12. Nce1 Ne4 13. Nd3 b6 14. Nfe5 Nxe5 15.
Nxe5 Bb7 16. cxd5 exd5 17. f4 Rac8 18. Bxe4 dxe4 19. e3 c5 20. Rf2 Rfd8 21. Rd2
Rd5 22. Nc4 Qf6 23. Raa2 cxd4 24. Rxd4 Rxd4 25. Qxd4 Qxd4 26. exd4 Bd5 27. Nxb6
Rc1+ 28. Kf2 Bxb3 29. Rb2 Rc3 30. Nd7 e3+ 31. Ke1 h5 32. Ne5 Kf8 33. d5 Ke7 34.
Nc6+ Kd6 35. Nd4 Bxa4 36. Ra2 Bd7 37. Rxa5 Rd3 38. Nc2 Rc3 39. Nd4 Rd3 40. Nc2
Rc3 41. Nd4 Rd3 1/2-1/2

[Event "Druga liga CS Istok 2016"]
[Site "Kragujevac"]
[Date "2016.10.09"]
[Round "11.5"]
[White "ZAFIROVSKI, Mite"]
[Black "DJORDJEVIC, Nebojsa"]
[Result "1/2-1/2"]
[WhiteElo "2241"]
[BlackElo "2299"]
[PlyCount "155"]
[EventDate "2016.08.26"]

1. d4 d5 2. c4 c6 3. Nf3 Nf6 4. Qb3 e6 5. g3 Be7 6. Bg2 O-O 7. O-O Nbd7 8. Bf4
Ne4 9. Nc3 Nxc3 10. Qxc3 Re8 11. Qc2 Nf6 12. Ne5 Nh5 13. Bd2 Bd6 14. Bc3 f5 15.
b3 Nf6 16. Bb2 Qe7 17. Rac1 Bd7 18. c5 Bc7 19. b4 Rec8 20. Ra1 Be8 21. a3 a6
22. Bc1 Nd7 23. Nf3 Bh5 24. Bf4 Bxf3 25. Bxf3 e5 26. dxe5 Bxe5 27. Bxe5 Qxe5
28. Rab1 g6 29. e3 Rc7 30. Rfd1 Kg7 31. Rd4 Nf8 32. Rd2 Ne6 33. Rbd1 Qf6 34. h4
Rf8 35. Bg2 h5 36. Qd3 Kh6 37. Qe2 Rg7 38. Kh2 a5 39. b5 Qc3 40. bxc6 bxc6 41.
Qa6 Nd8 42. a4 Qxc5 43. Rb2 Qa3 44. Rb8 Qxa4 45. Rdb1 Qa3 46. Qa8 Rd7 47. Rc8
Qc5 48. Qb8 Qd6 49. Qa8 Rc7 50. Rcb8 Kg7 51. Qxa5 Ne6 52. Qa1+ Kf7 53. R8b6
Rfc8 54. Qa2 Qe7 55. Qc2 Qd7 56. Qc3 Ng7 57. Qd4 Ne8 58. Bf3 Nf6 59. Kg2 Re8
60. Qf4 Re6 61. Rb8 Kg7 62. Ra1 Qd6 63. Qa4 c5 64. Rab1 c4 65. Qa5 Ree7 66.
R8b5 d4 67. exd4 Qxd4 68. Rd1 Qa7 69. Qc3 Qa6 70. Rbd5 Qe6 71. R5d4 Rc5 72. Rc1
Rec7 73. Re1 Qb6 74. Red1 Qe6 75. Re1 Re5 76. Rxc4 Rxc4 77. Qxe5 Qxe5 78. Rxe5
1/2-1/2

[Event "Druga liga CS Istok 2016"]
[Site "Kragujevac"]
[Date "2016.10.09"]
[Round "11.5"]
[White "KULAK, Dejan"]
[Black "TRIFUNOVIC, Miroljub"]
[Result "0-1"]
[WhiteElo "2237"]
[BlackElo "2220"]
[PlyCount "118"]
[EventDate "2016.08.26"]

1. e4 e5 2. Nf3 Nc6 3. Bc4 Bc5 4. c3 Nf6 5. d3 d6 6. O-O h6 7. Re1 O-O 8. Be3
Bxe3 9. Rxe3 d5 10. exd5 Nxd5 11. Re1 Nf4 12. g3 Nh3+ 13. Kg2 Bg4 14. Nbd2 Kh8
15. Qc2 Qf6 16. Re3 g5 17. Bd5 Rae8 18. Ne4 Qg6 19. Ng1 Nf4+ 20. gxf4 gxf4 21.
Ree1 Be6+ 22. Kh1 Bxd5 23. f3 f5 24. Nd2 Rg8 25. Re2 Re7 26. Qb1 Reg7 27. Qf1
Qh5 28. Qf2 a6 29. a3 Bf7 30. Rf1 Rd8 31. d4 exd4 32. cxd4 Nxd4 33. Re7 Ne6 34.
Re1 Qg6 35. Nc4 Qf6 36. Rxf7 Rxf7 37. Ne5 Rg7 38. Nh3 c5 39. Ng1 Kh7 40. Qc2
Kh8 41. Qf2 b5 42. Nh3 Rdg8 43. Nd3 Rg2 44. Qxg2 Rxg2 45. Kxg2 c4 46. Ne5 Kh7
47. Re2 Qg7+ 48. Kf2 Qc7 49. Kg1 a5 50. Re1 b4 51. axb4 axb4 52. Kg2 Kg7 53.
Nf2 Kf6 54. Re2 Qxe5 55. Rxe5 Kxe5 56. Kf1 Kd4 57. Ke2 Nc5 58. Kd2 Na4 59. Nd1
Nxb2 0-1

[Event "Druga liga CS Istok 2016"]
[Site "Kragujevac"]
[Date "2016.10.09"]
[Round "11.5"]
[White "DJUKIC, Nebojsa"]
[Black "TOSIC, Nebojsa"]
[Result "1/2-1/2"]
[WhiteElo "2196"]
[BlackElo "2148"]
[PlyCount "45"]
[EventDate "2016.08.26"]

1. e4 c6 2. d4 d6 3. c4 g6 4. Bd3 a6 5. a4 Bg7 6. Ne2 Nf6 7. Nbc3 O-O 8. f3 e5
9. Be3 Re8 10. O-O Nbd7 11. d5 Rb8 12. a5 c5 13. Qd2 Re7 14. b4 cxb4 15. Na4 b5
16. cxb5 axb5 17. Nb2 Nc5 18. Qxb4 Rc7 19. Nc1 Nfd7 20. Nb3 Bf8 21. Be2 Ba6 22.
Rfc1 Rbc8 23. Nd3 1/2-1/2

[Event "Druga liga CS Istok 2016"]
[Site "Kragujevac"]
[Date "2016.10.09"]
[Round "11.5"]
[White "MILOSEVIC, Jovana   **"]
[Black "BOZILOV, Dragan   *"]
[Result "1-0"]
[WhiteElo "2081"]
[BlackElo "2087"]
[PlyCount "109"]
[EventDate "2016.08.26"]

1. Nf3 d5 2. d4 Nf6 3. c4 c6 4. Nc3 e6 5. e3 Nbd7 6. Bd3 Be7 7. O-O O-O 8. e4
dxe4 9. Nxe4 Nxe4 10. Bxe4 Nf6 11. Bc2 b6 12. Qd3 c5 13. Bg5 g6 14. dxc5 Qxd3
15. Bxd3 bxc5 16. Ne5 Kg7 17. Rad1 Bb7 18. Bd2 Rfd8 19. Ba5 Rd4 20. Bc3 Rd6 21.
b4 Ra6 22. bxc5 Bxc5 23. Nd7 Be7 24. f3 Ra3 25. Be5 Bc6 26. Be4 Rc8 27. Bxc6
Rxc6 28. g4 g5 29. f4 Kg6 30. Bb2 Re3 31. Ne5+ Rxe5 32. fxe5 Nxg4 33. Rd7 Bc5+
34. Kh1 Nh6 35. Rf6+ Kh5 36. Rf3 Bb6 37. Rc3 Kg6 38. Ba3 Ng4 39. Bd6 Bd4 40.
Rc1 Be3 41. Rc3 Bd4 42. Rc2 Rb6 43. Ba3 Ne3 44. Rc1 Bxe5 45. Bc5 Nxc4 46. Bxb6
Nxb6 47. Rxa7 h5 48. a4 g4 49. a5 Nd5 50. Rb7 Bf4 51. Rf1 Be3 52. Rfxf7 Kg5 53.
a6 Kh4 54. Rb3 Bf2 55. Rxf2 1-0

[Event "Druga liga CS Istok 2016"]
[Site "Kragujevac"]
[Date "2016.10.09"]
[Round "11.5"]
[White "DJORDJEVIC, Lazar   **"]
[Black "LAZOVIC, Bozidar   *"]
[Result "1/2-1/2"]
[WhiteElo "1959"]
[BlackElo "1886"]
[PlyCount "92"]
[EventDate "2016.08.26"]

1. e4 c5 2. Nf3 d6 3. c3 Nf6 4. h3 Nc6 5. Bd3 g6 6. Bc2 Bg7 7. O-O O-O 8. d4 e5
9. dxc5 dxc5 10. Be3 Qe7 11. Nbd2 b6 12. Qe2 Bb7 13. Rfd1 Rfd8 14. Nf1 h6 15.
Ng3 a6 16. Nd2 b5 17. Nb3 Nd7 18. h4 c4 19. Nd2 Qxh4 20. a4 Qe7 21. b3 cxb3 22.
Bxb3 bxa4 23. Bxa4 Nc5 24. Bc2 a5 25. Qb5 Ne6 26. Rdb1 Rab8 27. Nb3 Ba8 28. Qc4
Qc7 29. Qe2 Bf8 30. Nd2 Rxb1+ 31. Bxb1 Qd6 32. Bc2 Bb7 33. Nc4 Qd7 34. Nb6 Qd6
35. Qg4 Nf4 36. Rd1 Qa3 37. Rxd8 Nxd8 38. Bxf4 exf4 39. Qxf4 Qxc3 40. Ba4 Qb4
41. Qc7 Qe7 42. Qc3 Bxe4 43. Qxa5 Bc6 44. Nd5 Bxd5 45. Qxd5 Ne6 46. Bb3 Qc5
1/2-1/2